000 00352nam a2200157Ia 4500
005 20250423100915.0
008 250422s9999 xx 000 0 und d
020 _a0- 671- 52310- 4
050 _aPS3561.R44S46
100 _aJayne Ann Krentz
245 0 _aSharp Edges
260 _bPocket books
260 _c1998
300 _a320 p
942 _cBK
999 _c34706
_d34706